Recopilación de decretos-leyes por orden numérico

Wedi'i Gadw mewn:
Manylion Llyfryddiaeth
Awdur Corfforaethol: Consejo de Estado (Awdur)
Fformat: Llyfr
Iaith:Sbaeneg
Cyhoeddwyd: Santiago Imprenta Nacional 1925
Pynciau:
Tagiau: Ychwanegu Tag
Dim Tagiau, Byddwch y cyntaf i dagio'r cofnod hwn!

MARC

LEADER 00000nam a2200000 a 4500
001 UCR1601
003 CL-VaPUC
008 971219e19250000CL |||||||||||||||||spa|d
082 0 4 |a 348.022  |b CON  |2 21 
110 2 |a Consejo de Estado  |e author  |9 398898 
245 1 0 |a Recopilación de decretos-leyes por orden numérico 
300 |a t 
942 |c BK 
945 |d 19971219 00:00:00  |a lriquelm 
260 |a Santiago  |b Imprenta Nacional  |c 1925 
500 |a Contiene los decretos ley del N§ 1 al decreto ley N§ 300 
500 |a Donación profesor Fernando Recio Olguín 
650 7 |a LEGISLACION  |2 CL-VaPUC  |9 398899 
650 7 |a DECRETOS LEYES  |2 CL-VaPUC  |9 398900 
650 7 |a FUENTES  |2 CL-VaPUC  |9 255666 
650 7 |a DERECHO CHILENO  |2 CL-VaPUC  |9 398901 
651 7 |a CHILE  |2 CL-VaPUC  |9 398902 
583 |a last modification  |c 19971219 00:00:00  |k Rodrigo Vera 
999 |c 265002  |d 265000 
952 |0 0  |1 0  |4 0  |6 348_022000000000000_CON_1925  |7 0  |8 F  |9 295742  |a BIBDER  |b BIBDER  |d 2019-11-20  |h t.12  |i 190812K  |o 348.022 CON 1925  |p 190812K  |r 2019-11-20  |w 2019-11-20  |y BK_F  |k DER 
952 |0 0  |1 0  |4 0  |6 348_022000000000000_CON_1925  |7 0  |8 X  |9 295744  |a BIBHIS  |b BIBHIS  |d 2019-11-20  |h t.12  |i 2129647  |l 2  |o 348.022 CON 1925  |p 2129647  |r 2025-04-29  |s 2025-04-29  |w 2019-11-20  |y BK_X  |k HIS